Szczegóły MARC
| 000 -Nagłówek |
| fixed length control field |
02303cam a2200649 i 4500 |
| 001 - Nr kontrolny bibl., która utworzyła rek. |
| control field |
xx005181178 |
| 003 - Siglum bibl., której nr kontr. jest w 001 |
| control field |
NUKAT |
| 005 - Data i czas ostatniej operacji |
| control field |
20260414121708.0 |
| 008 - Elementy pola stałej długości |
| fixed length control field |
210729s2021 pl a |000 0dpol c |
| 020 ## - ISBN |
| ISBN |
9788395175725 |
| dopowiedzenie |
(oprawa twarda) |
| 035 ## - Systemowy numer kontrolny |
| systemowy numer kontrolny |
(OCoLC)1259579198 |
| 035 ## - Systemowy numer kontrolny |
| systemowy numer kontrolny |
(NUKAT)xx005181178 |
| 040 ## - Instytucja sporządzająca opis |
| Instytucja, która sporządziła opis |
POZN U/JJ |
| język katalgowania-trzyzn. kod |
pol |
| zasady opisu |
rda |
| Instytucja, która sporządziła rekord |
POZN U/JJ |
| Instytucja, która zmodyfikowała rekord |
POZN U/AnK |
| -- |
WR U/MBs |
| -- |
OLSZT 008/bak |
| 045 2# - Okres czasu dla zawartości |
| czas między r. 9999 pne a nasz. czas. |
d1250 |
| -- |
d2020 |
| 046 ## - Kod rodz. daty, data1, data2 (daty pne) |
| Begin/single date |
2021 |
| 099 ## - Dowolny opis lokalny sygnatury |
| symbol klasyfikacji |
tn_1330442 |
| 100 1# - Hasło główne-nazwa osobowa |
| Nazwa osobowa |
Łapo, Jerzy Marek |
| Daty biograficzne |
(1971- ). |
| rodzaj współpracy |
Autor |
| 9 (RLIN) |
16192 |
| 245 10 - Tytuł właściwy i oznaczenie odpow. |
| tytuł |
Sztynort : |
| dodatek do tytułu |
blaski i cienie : przewodnik kulturowy / |
| dod. inf. ze s. tyt./ozn. odpow. |
napisał Jerzy Łapo. |
| 260 ## - Adres wydawniczy |
| miejsce wydania, dystrybucji itp. |
Sztynort ; |
| -- |
Giżycko : |
| nazwa wydawcy, dystrybutora itp. |
VMA Wzorcownia, |
| data wydania, dystrybucji itp. |
2021. |
| 300 ## - Opis fizyczny |
| objętość i/lub forma materiału |
250, [6] stron : |
| inne szczegóły opisu fizycznego |
ilustracje ; |
| format |
25 cm. |
| 336 ## - Content Type |
| Term |
Tekst |
| Code |
txt |
| Source |
rdacontent |
| 336 ## - Content Type |
| Term |
Obraz |
| Code |
sti |
| Source |
rdacontent |
| 337 ## - Media Type |
| Term |
Bez urządzenia pośredniczącego |
| Code |
n |
| Source |
rdamedia |
| 338 ## - Carrier Type |
| Term |
Wolumin |
| Code |
nc |
| Source |
rdacarrier |
| 380 ## - Form of work |
| Form of work |
Albumy i książki artystyczne |
| 380 ## - Form of work |
| Form of work |
Książki |
| 380 ## - Form of work |
| Form of work |
Publikacje popularnonaukowe |
| 388 1# - TIME PERIOD OF CREATION |
| Time period of creation term |
2001- |
| 504 ## - Uwaga o bibliografii |
| uwaga o bibliografii |
Bibliografia na stronach 207-213. |
| 600 37 - Hasło przedmiotowe-nazwa osobowa |
| nazwa osobowa |
Lehndorffowie |
| tyt., in. dopowiedz. dot. nazwy |
(rodzina) |
| źródło hasła |
DBN |
| 9 (RLIN) |
36948 |
| 600 37 - Hasło przedmiotowe-nazwa osobowa |
| nazwa osobowa |
Lehndorff |
| tyt., in. dopowiedz. dot. nazwy |
(rodzina). |
| źródło hasła |
kaba |
| 9 (RLIN) |
39987 |
| 648 #7 - SUBJECT ADDED ENTRY--CHRONOLOGICAL TERM |
| Chronological term |
1201-1300 |
| Source of heading or term |
DBN |
| 9 (RLIN) |
36031 |
| 648 #7 - SUBJECT ADDED ENTRY--CHRONOLOGICAL TERM |
| Chronological term |
1301-1400 |
| Source of heading or term |
DBN |
| 9 (RLIN) |
35871 |
| 648 #7 - SUBJECT ADDED ENTRY--CHRONOLOGICAL TERM |
| Chronological term |
1401-1500 |
| Source of heading or term |
DBN |
| 9 (RLIN) |
36030 |
| 648 #7 - SUBJECT ADDED ENTRY--CHRONOLOGICAL TERM |
| Chronological term |
1501-1600 |
| Source of heading or term |
DBN |
| 9 (RLIN) |
36032 |
| 648 #7 - SUBJECT ADDED ENTRY--CHRONOLOGICAL TERM |
| Chronological term |
1601-1700 |
| Source of heading or term |
DBN |
| 9 (RLIN) |
36034 |
| 648 #7 - SUBJECT ADDED ENTRY--CHRONOLOGICAL TERM |
| Chronological term |
1701-1800 |
| Source of heading or term |
DBN |
| 9 (RLIN) |
36035 |
| 648 #7 - SUBJECT ADDED ENTRY--CHRONOLOGICAL TERM |
| Chronological term |
1801-1900 |
| Source of heading or term |
DBN |
| 9 (RLIN) |
36037 |
| 648 #7 - SUBJECT ADDED ENTRY--CHRONOLOGICAL TERM |
| Chronological term |
1901-2000 |
| Source of heading or term |
DBN |
| 9 (RLIN) |
34996 |
| 648 #7 - SUBJECT ADDED ENTRY--CHRONOLOGICAL TERM |
| Chronological term |
2001- |
| Source of heading or term |
DBN |
| 9 (RLIN) |
36393 |
| 650 #7 - Hasło przedmiotowe-nazwa pospolita |
| nazwa pospolita lub geogr. |
Arystokracja |
| źródło hasła |
DBN |
| 9 (RLIN) |
36513 |
| 650 #7 - Hasło przedmiotowe-nazwa pospolita |
| nazwa pospolita lub geogr. |
Jeziora |
| źródło hasła |
DBN |
| 9 (RLIN) |
39988 |
| 650 #7 - Hasło przedmiotowe-nazwa pospolita |
| nazwa pospolita lub geogr. |
Rody |
| źródło hasła |
DBN |
| 9 (RLIN) |
35884 |
| 650 #7 - Hasło przedmiotowe-nazwa pospolita |
| nazwa pospolita lub geogr. |
Zamki i pałace |
| źródło hasła |
DBN |
| 9 (RLIN) |
37001 |
| 650 #7 - Hasło przedmiotowe-nazwa pospolita |
| nazwa pospolita lub geogr. |
Zbiory prywatne |
| źródło hasła |
DBN |
| 9 (RLIN) |
39989 |
| 650 #7 - Hasło przedmiotowe-nazwa pospolita |
| nazwa pospolita lub geogr. |
Żeglarstwo |
| źródło hasła |
DBN |
| 9 (RLIN) |
39990 |
| 651 #7 - Hasło przedmiotowe-nazwa geogr. |
| nazwa geograficzna |
Sztynort (woj. warmińsko-mazurskie, pow. węgorzewski, gm. Węgorzewo) |
| źródło hasła |
DBN |
| 9 (RLIN) |
36953 |
| 651 #7 - Hasło przedmiotowe-nazwa geogr. |
| nazwa geograficzna |
Sztynort (Polska) |
| określnik rzeczowy |
historia. |
| źródło hasła |
kaba |
| 9 (RLIN) |
39991 |
| 651 #7 - Hasło przedmiotowe-nazwa geogr. |
| nazwa geograficzna |
Sztynort (Polska) |
| określnik formy |
biografie. |
| źródło hasła |
kaba |
| 9 (RLIN) |
39992 |
| 651 #7 - Hasło przedmiotowe-nazwa geogr. |
| nazwa geograficzna |
Sztynort (Polska) |
| określnik rzeczowy |
zabytki. |
| źródło hasła |
kaba |
| 9 (RLIN) |
39993 |
| 655 #7 - Termin określający rodzaj/formę |
| rodzaj/forma |
Opracowanie |
| źródło terminu |
DBN |
| 9 (RLIN) |
35024 |
| 655 #7 - Termin określający rodzaj/formę |
| rodzaj/forma |
Publikacja bogato ilustrowana |
| źródło terminu |
DBN |
| 9 (RLIN) |
35165 |
| 658 ## - Nazwa określająca cel programu nauczania |
| główny cel programu nauczania |
Historia |
| 710 2# - Hasło dodatkowe - nazwa ciała zbior. |
| nazwa ciała zbior. lub nazwa geogr. |
VMA Wzorcownia. |
| rodzaj współpracy |
Wydawca |
| kod rodzaju współpracy |
pbl |
| 9 (RLIN) |
39986 |
| 920 ## - ISBN |
| ISBN |
978-83-951757-2-5 (oprawa twarda) |
| 942 ## - ADDED ENTRY ELEMENTS (KOHA) |
| Source of classification or shelving scheme |
Dewey Decimal Classification |
| Koha item type |
pozycje dostępne na miejscu |